| 000 | 00599nam a22001697a 4500 | ||
|---|---|---|---|
| 082 |
_a820.9 _bSHE |
||
| 100 | _aKhalid Mahmood Sheikh | ||
| 245 |
_aAngrezi Adab ki Mukhtasar Tareekh / _cSheikh, Khalid Mahmood |
||
| 260 |
_aLahore: _bA H Publishers, |
||
| 300 |
_a328 p. _c22cm. |
||
| 563 | _aHB. | ||
| 650 |
_aEnglish Literature - History - Urdu. _9129793 |
||
| 880 |
_6100-01\(3\r _a خالد محمود شیخ |
||
| 880 |
_6245-02\(03\r _aانگریزی ادب کی مختصر تاریخ |
||
| 880 |
_6260-03\(03\r _aلاہور _bاے ایچ پبلیشرز |
||
| 942 |
_2ddc _cBK |
||
| 999 |
_c614327 _d614327 |
||